| 000 | 00650nam a22001817a 4500 | ||
|---|---|---|---|
| 005 | 2011121203413.0 | ||
| 020 |
_a9780007244393 _c75.00 |
||
| 037 | _bBlueberry Books | ||
| 100 |
_aCronick, Mitch _936759 |
||
| 245 |
_aIn the garden / _cby Mith Cronick; illustrated by Melanie Sharp |
||
| 260 |
_aLondon _bCollins _c2007 |
||
| 270 |
_a77-85 Fulhom Palace Road, Hammersmith _bLondon |
||
| 300 |
_aLevel 1-book A (32p.) _bill. _c20cm(pbk) |
||
| 490 |
_aRead at home _936760 |
||
| 700 |
_aSharp, Melanie _936761 |
||
| 942 |
_2ddc _cCH _mCRO |
||
| 999 |
_c59262 _d59262 |
||